01401nam a22002297a 450000500170000000800410001702000180005804000070007604100120008308200210009510000170011624500620013326000320019530000280022736500530025552007720030865000160108065000180109665000140111465000200112870000230114820250506121614.0250204b ||||| |||| 00| 0 eng d a9780241629949 cAL aEnglish 223a327.73bCHOI aNoam Chomsky aIllegitimate Authority: Facing the Challenges of Our Time aLondonbPenguin Booksc2023 ax,330 p.bPBc18x11 cm. a6261b₹479.00c₹d₹599.00e20%f31-01-2025 a'One of the greatest, most radical public thinkers of our time' Arundhati Roy In these wide-ranging and incisive interviews, Chomsky addresses the urgent questions of this tumultuous time, speaking to the rapidly deteriorating quality of democracy in the United States and rising tensions globally. He examines the crumbling of the social fabric and the fractures of the Biden era, including the halting steps toward a Green New Deal, the illegitimate authority of the Supreme Court, in particular its decision to overturn Roe v. Wade, and the ongoing fallout from COVID-19. Chomsky also untangles the roots of the War in Ukraine, the diplomatic tensions among the United States, China, and Russia, and considers the need for climate action on an international scale. aGeopolitics aUnited States aDemocracy aGreen New Deal. aPOLYCHRONIOU (C J)